000 00454nam a2200157 i 4500
001 55778
003 ES-MaACL
005 20230906163222.0
007 t|
008 030926s1970 sp ||||1| spa d
100 1 _aDexeus Font, Santiago.
_944049
245 1 0 _aTratado de ginecología /
_cdirigido por Santiago Dexeus Font.
260 _aBarcelona :
_bSalvat,
_c[1970]
300 _aXI, 1009 p. :
_bil. ;
_c26 cm.
852 _aES-MaACL
_jC-37541
_bR.73037
999 _c55778
_d55778